000 00651nam a2200241Ia 4500
003 OSt
005 20221005043941.0
006 a|||||r|||| 00| 0
007 ta
008 221004b |||||||| |||| 00| 0 eng d
024 _a31897
037 _cTextual
040 _aCRL
_cCRL
_beng
041 _2eng
_aeng
082 _aO111,1:gL8, K4
100 _aLeavis F R
245 0 _aRevaluation
_b Tradition and development in English poetry
260 _aHarmondsworth
_bPenguin
_c1964
300 _a223p.
_ccm.
650 _aENGLISH LITERATURE
942 _hO111,1:gL8, K4
_cTEXL
_2cc
999 _c952605
_d952605